| 000 | 00418nam a22001577a 4500 | ||
|---|---|---|---|
| 008 | 170612b xxu||||| |||| 00| p tur d | ||
| 041 | _atur | ||
| 050 | _aPL248.T8752 | ||
| 100 |
_9482 _aOsman Türkay |
||
| 245 |
_aUyurgezer _cOsman Türkay |
||
| 260 |
_aİstanbul _bYeditepe Yayınları _cEylül 1969 |
||
| 300 | _a59 sayfa | ||
| 500 | _aYeditepe Yayınları: 184 | ||
| 650 | 0 |
_9145 _aTürk Edebiyatı |
|
| 942 |
_2lcc _cBK |
||
| 999 |
_c603 _d595 |
||